01134pam a2200265 i 4500999001700000001000800017003000400025005001700029008004100046010001700087020001500104040001800119050002000137082001400157110011600171245018400287260007100471300003400542500002000576504003000596650004300626906004500669942003200714952012200746 c24968d249683716301OSt20170130125734.0800130s1980 vaua b 001 0 eng  a 80010670  a0873531647 aDLCcDLCdDLC00aQA43b.J58 198000a510/.7/122 aJoint Committee of the Mathematical Association of America and the National Council of Teachers of Mathematics.12aA sourcebook of applications of school mathematics /cprepared by a Joint Committee of the Mathematical Association of America and the National Council of Teachers of Mathematics. aReston, Va. :bNational Council of Teachers of Mathematics,c1980. axii, 361 p. :bill. ;c25 cm. aIncludes index. aBibliography: p. 302-349. 0aMathematicsxProblems, exercises, etc. a7bcbccorignewd1eocipf19gy-gencatlg 2lcccBOOKShQA 43 .J58 1980 00102lcc4070aMUCbMUCcTECHd2017-01-30eDonation (BFA)l0oQA 43 .J58 1980p32972r2018-06-08w2017-01-30yBOOKS